| 000 | 00629nam a22001937a 4500 | ||
|---|---|---|---|
| 003 | DO-SdBNP | ||
| 005 | 20171124103603.0 | ||
| 008 | 171124b 1986 a ||||| |||| 00| 0 spa d | ||
| 040 |
_aBPMSU _bspa _cBPMSU |
||
| 092 |
_axxxx _bxxxx |
||
| 100 | 1 | _a Proskurin, Alexandr | |
| 245 |
_aUnión fraternal / _cAlexandr Proskurin; traductor, Gueorgui Gusev. |
||
| 260 |
_aMoscú : _bEditorial de la Agencia de Prensa Nóvosti, _c1986 |
||
| 300 |
_a53 p. : _bil. ; _c19 cm. |
||
| 700 | 1 | 2 |
_a Gusev, Gueorgui, _etr. |
| 942 |
_2ddc _cBK |
||
| 945 | _aInventario / 2017 LP | ||
| 956 |
_aLOPEREZ _b10 _c20171124 _h0041 _iBPMSU |
||
| 999 |
_c13065 _d13065 |
||